000 01071nab a22002057a 4500
999 _c5773
_d5773
003 OSt
005 20260105215919.0
008 190514b xxu||||| |||| 00| 0 spa d
040 _cPJ
100 _96688
_aAguilar, Sofía Anahí
245 1 0 _aLibertad de expresión, discursos de odio y enseñanza del derecho desde una perspectiva crítica /
_cSofía Anahí Aguilar.
300 _ap. 77-84
505 _aSumario: I. Introducción: Estado, libertad de expresión y sociedad civil.— II. Stuart Mill y la libertad de expresión: la diversidad como fundamento.— III. Pensar el presente: medios de comunicación masiva y discursos de odio.— IV. Conclusiones: libertad de expresión, crítica y enseñanza del derecho.
505 _tSi te interesa el texto, comunicate a koha@justierradelfuego.gov.ar
650 0 _9967
_aDERECHO DE FAMILIA
650 0 _91260
_aLIBERTAD DE EXPRESION
650 0 _aTECNOLOGIA DE LA INFORMACION
_9289
773 0 _02844
_93222
_dBuenos Aires : AbeledoPerrot, 1989-
_tDerecho de familia. N° 113 - Marzo 2024
_z18511201
942 _2udc
_cANA